1702 1001 1294 1858 1009 1113 1643 1703 1440 1753 1205 1001 1806 1593 1756 1660 1625 1767 1583 1498 1728 1610 1325 1796 1918 1763 1775 1305 1090 1982 1342 1303 1302 1887 1695 1477 1996 1792 1398 1086 1135 1438 1613 1489 1641 1549 1111 1952 1923 1299 1222 1038 1863 1539 1418 1577 1474 1463 1759 1790 1423 1383 1191 1949 1172 1731 1023 1613 1600 1147 1778 1572 1739 1339 1988 1898 1468 1945 1616 1773 1140 1183 1272 1050 1949 1891 1921 1979 1497 1158 1446 1896 1337 1573 1734 1741 1848 1038 1720 BCNSPRNW ULIB Ver.6.0+V

เปลี่ยนเป็นภาษาไทย

Change to English
 แสดงรายละเอียดบรรณานุกรม
  กลับหน้าหลัก

Brief Record : Get Marc (ISO 2709) : E-mail record : QR code < ปิดหน้าต่าง
LEADER : 00000nam 2200000uu 4500
001    13399121432
003     ULIB
008    110609s2546 th 000 p tha d
020    ^a9789749169711 (ชุด 1)
020    ^a9789749169711 (ชุด 2)
090  4 ^aรส.^bม686ร ล.1-2 2546
245 00 ^aบทกวีคัดสรร /^cมูลนิธิสถาบันวิชาการ 14 ตุลา
250    ^aพิมพ์ครั้งที่ 1
260    ^aกรุงเทพฯ :^bมูลนิธิสถาบันวิชาการ 14 ตุลา,^c2546
300    ^a2 เล่ม ;^c21 ซม.
490 0  ^aหนังสือชุด''ตุลาวรรณกรรม''
500    ^aฉลองครบรอบ 30 ปี 14 ตุลา : 2516-2546 ร่วมวาระประวัติศาสตร์''''วัน 14 ตุลา ประชาธิปไตย''''
650  4 ^aกวีนิพนธ์ไทย
650  4 ^aกวีนิพนธ์ไทย^xแง่สังคม
710 2  ^aมูลนิธิสถาบันวิชาการ 14 ตุลา
945    ^p0^l0^i14372
995    ^aกัณชพร
999    ^aกัณชพร
รายการนี้ยังไม่มีแท็ก
คุณยังไม่ได้ล็อกอิน คุณสามารถมีกิจกรรมร่วมกับเว็บไซต์ได้ แต่ต้องล็อกอินก่อน ::
  ล็อกอิน

รายการสื่อสารสนเทศ

ลำดับที่ ประเภท เลขเรียก/บาร์โค้ด สถานที่ สถานะ
1. นวนิยาย
นวนิยาย
รส. ม686ร ล.1-2 2546  
  Barcode: 14372
ห้องสมุดวิทยาเขตสวรรค์ประชารักษ์
►นวนิยาย
บนชั้น
  ขอยืม

รายการใกล้เคียง
    หัวเรื่อง [กวีนิพนธ์ไทย]

BibComment


ยังไม่เคยถูกคอมเมนท์

คอมเมนท์ทรัพยากรรายการนี้
  คอมเมนท์: บทกวีคัดสรร มูล..


 Copyright 2026. Bcnsprnw @Library